El gatopardo

Gorde:
Xehetasun bibliografikoak
Egile nagusia: Tomasi de Lampedusa, Giuseppe (Egilea)
Formatua: Liburua
Hizkuntza:gaztelania
Argitaratua: Barcelona Noguer 1958
Edizioa:4a. ed
Gaiak:
Etiketak: Etiketa erantsi
Etiketarik gabe, Izan zaitez lehena erregistro honi etiketa jartzen!

MARC

LEADER 00000cam a2200000 a 4500
001 UCE7234
003 CL-VaPUC
008 150529e19580000sp |||||||||||||||||spa|d
082 0 4 |a 853  |b TOM  |2 21 
100 0 |a Tomasi de Lampedusa, Giuseppe  |e author  |9 579920 
245 1 3 |a El gatopardo 
250 |a 4a. ed 
300 |a 287 p 
942 |c BK 
945 |d 20150529 15:00:00  |a gsalatino 
260 |a Barcelona  |b Noguer  |c 1958 
650 7 |a NOVELA ESPAÑOLA  |2 CL-VaPUC  |9 313139 
650 7 |a NOVELA ITALIANA  |2 CL-VaPUC  |9 307250 
650 0 |a Literatura italiana  |9 266970 
583 |a last modification  |c 20150529 15:00:00  |k Rodrigo Vera 
999 |c 359335  |d 359333 
952 |0 0  |1 0  |3 erb  |4 0  |6 853_000000000000000_TOM_1958  |7 0  |8 A  |9 468494  |a BIBEDU  |b BIBEDU  |e Villagrán Garnham, Jorge  |i 5176689  |o 853 TOM 1958  |p 5176689  |r 2019-11-23  |w 2019-11-23  |y BK  |z Catalogado en:20150529  |k LIT